Study on soil types in view of forest re-habitation in brameymum commune, thpong district , kampong speu province, ការសិក្សាអំពីប្រភេទដី ដើម្បីស្តារព្រៃឈើឡើងវិញ​នៅក្នុងឃុំប្រាំបីមុម ស្រុកថ្ពង ខេត្តកមពង់ស្ពឺ (Record no. 3310)

000 -LEADER
fixed length control field 00750nam a22001577a 4500
003 - CONTROL NUMBER IDENTIFIER
control field OSt
005 - DATE AND TIME OF LATEST TRANSACTION
control field 20151111142707.0
008 - FIXED-LENGTH DATA ELEMENTS--GENERAL INFORMATION
fixed length control field 151111b xxu||||| |||| 00| 0 eng d
040 ## - CATALOGING SOURCE
Transcribing agency RUA
082 ## - DEWEY DECIMAL CLASSIFICATION NUMBER
Classification number FOR SOK 2006 B132 Or.1
100 ## - MAIN ENTRY--PERSONAL NAME
9 (RLIN) 3555
Numeration SOK, SOKUNTHEAT.
245 ## - TITLE STATEMENT
Title Study on soil types in view of forest re-habitation in brameymum commune, thpong district , kampong speu province, ការសិក្សាអំពីប្រភេទដី ដើម្បីស្តារព្រៃឈើឡើងវិញ​នៅក្នុងឃុំប្រាំបីមុម ស្រុកថ្ពង ខេត្តកមពង់ស្ពឺ
260 ## - PUBLICATION, DISTRIBUTION, ETC. (IMPRINT)
Place of publication, distribution, etc. Phnom Penh
Name of publisher, distributor, etc. RUA
Date of publication, distribution, etc. 2006
300 ## - PHYSICAL DESCRIPTION
Extent xv; 64p.
Other physical details ill.
Dimensions 29cm.
942 ## - ADDED ENTRY ELEMENTS (KOHA)
Source of classification or shelving scheme
Koha item type FOR
Holdings
Price effective from Date last seen Permanent Location Not for loan Date acquired Source of classification or shelving scheme Koha item type Barcode Lost status Damaged status Shelving location Withdrawn status Current Location Full call number
2015-11-112015-11-11Library Block B 2015-11-11 FORRUA028377  B132 Library Block BFOR SOK 2006 B132 Or.1
2015-11-112015-11-11Library Block B 2015-11-11 FORRUA028305  B132 Library Block BFOR SOK 2006 B132 Or.2
2015-11-112015-11-11Library Block B 2015-11-11 FORRUA028040  B132 Library Block BFOR SOK 2006 B132 Or.3
2015-11-112015-11-11Library Block B 2015-11-11 FORRUA028748  B132 Library Block BFOR SOK 2006 B132 Or.4
2015-11-112015-11-11Library Block B 2015-11-11 FORRUA028968  B132 Library Block BFOR SOK 2006 B132 Or.5
មជ្ឈមណ្ឌលឯការនៃសាកលវិទ្យាល័យភូមិន្ទកសិកម្មចំការដូង

Powered by Koha